000 00311nam a2200121 a 4500
008 110518s1994|||| d
245 1 0 _aAstronomie v díle Jana Amosa Komenského
100 1 _aRajchl, Rostislav
020 _c10
260 _c1994
_aUherský Brod
_bMestký úrad
044 _aCZ
041 _acze
999 _c18164
_d18164